¿ Una respuesta a la marginación juvenil ? : el papel de la acción tutorial / María Dolores Armas Donate... [et al.] (Record no. 76243)
[ view plain ]
| 000 -CABECERA | |
|---|---|
| campo de control de longitud fija | 00622nam a2200205 a 4500 |
| 005 - FECHA Y HORA DE LA ÚLTIMA TRANSACCIÓN | |
| campo de control | 20210219153417.0 |
| 008 - ELEMENTOS DE LONGITUD FIJA--INFORMACIÓN GENERAL | |
| campo de control de longitud fija | 991125n 000 0 spa u |
| 035 ## - NÚMERO DE CONTROL DEL SISTEMA | |
| Número de control de sistema | UPN01000097602 |
| 222 ## - TÍTULO CLAVE | |
| Título clave | CUADERNOS DE PEDAGOGIA |
| 245 ## - MENCIÓN DE TÍTULO | |
| Título | ¿ Una respuesta a la marginación juvenil ? : el papel de la acción tutorial / María Dolores Armas Donate... [et al.] |
| 260 ## - PUBLICACIÓN, DISTRIBUCIÓN, ETC. | |
| Lugar de publicación, distribución, etc. | BARCELONA, ESPAÑA |
| 300 ## - DESCRIPCIÓN FÍSICA | |
| Extensión | 42-44 |
| 362 ## - FECHAS DE PUBLICACIÓN Y/O DESIGNACIÓN SECUENCIAL | |
| Fecha de publicación y/o designación secuencial | 1997 No. 254, ene. |
| 653 0# - TERMINO DE INDIZACION - NO CONTROLADO | |
| Término no controlado | MARGINACION JUVENIL |
| 653 0# - TERMINO DE INDIZACION - NO CONTROLADO | |
| Término no controlado | TUTOR |
| 653 0# - TERMINO DE INDIZACION - NO CONTROLADO | |
| Término no controlado | TUTORIA |
| 700 ## - ASIENTO SECUNDARIO--NOMBRE DE PERSONAL | |
| Nombre de persona | ARMAS DONATE, Maria Dolores, coaut. |
| 904 ## - ELEMENTOS DE DATOS D LOCAL, LDD (RLIN) | |
| a | AC |
| b | 035413 |
| 905 ## - TIPO DE MATERIAL | |
| Tipo de material | Articulo |
No items available.
